تكنولوجيا بصمة الحامض النووي في المجال الجنائي / (Record no. 23219)
[ view plain ]
| 000 -الفاتح | |
|---|---|
| حقل البيانات ثابتة الطول | 01182nam a22002895a 4500 |
| 003 - محدد رقم الضبط | |
| رقم الضبط | OSt |
| 005 - وقت وتاريخ اخر تعامل مع التسجيلة | |
| رقم الضبط | 20161121111053.0 |
| 008 - عناصر البيانات ثابتة الطول - معلومات عامة | |
| حقل البيانات ثابتة الطول | 161121s2014 ua frb 000 0 ara d |
| 015 ## - | |
| -- | 2013/8361 |
| 020 ## - الرقم الدولى المعيارى للكتب | |
| الرقم الدولى المعيارى للكتاب | 9789770472880 |
| 040 ## - مصدر الفهرسة | |
| وكالة الفهرسة الأصلية | EG-ScBUE |
| لغة الفهرسة | ara |
| وكالة النسخ | EG-ScBUE |
| 082 04 - رقم تصنيف ديوى العشرى | |
| رقم التصنيف | 344.04196 |
| رقم المادة | ط ا ي |
| رقم الطبعة | 22 |
| 100 1# - المدخل الرئيسى - إسم شخصى | |
| الإسم الشخصى | طايع، هاني. |
| 245 10 - بيان العنوان | |
| العنوان | تكنولوجيا بصمة الحامض النووي في المجال الجنائي / |
| بيان المسئوليه,etc | هاني طايع. |
| 246 3# - العنوان الموازى | |
| عنوان صحيح/عنوان مختصر | تكنولوجيا بصمة الحمض النووي في المجال الجنائي |
| 246 3# - العنوان الموازى | |
| عنوان صحيح/عنوان مختصر | تكنولوجيا بصمة الحامض النووي DNA في المجال الجنائي |
| 260 ## - PUBLICATION, DISTRIBUTION, ETC. (IMPRINT) | |
| مكان الناشر او الموزع | القاهرة : |
| اسم الناشر او الموزع | دار النهضة العربية، |
| تاريخ النشر أو التوزيع | 2014. |
| 300 ## - الوصف المادى | |
| التعداد | 357 ص. ؛ |
| أبعاد الوعاء | 24 سم. |
| 504 ## - تبصرة ببليوجرافية | |
| تبصرة ببليوجرافية,الخ | يشتمل على إرجاعات ببليوجرافية. |
| 650 ## - المدخل الاضافى بالموضوع-مصطلح موضوعى | |
| مصطلح موضوعي أو اسم جغرافي كعنصر مدخل | البصمة الوراثية |
| التقسيم الفرعي العام | قوانين وتشريعات. |
| مصدر الرأس أو المصطلح | BUEsh |
| 650 ## - المدخل الاضافى بالموضوع-مصطلح موضوعى | |
| مصطلح موضوعي أو اسم جغرافي كعنصر مدخل | البحث الجنائي. |
| مصدر الرأس أو المصطلح | BUEsh |
| 9 (RLIN) | 21928 |
| 650 ## - المدخل الاضافى بالموضوع-مصطلح موضوعى | |
| مصطلح موضوعي أو اسم جغرافي كعنصر مدخل | الطب الشرعى. |
| مصدر الرأس أو المصطلح | BUEsh |
| 650 ## - المدخل الاضافى بالموضوع-مصطلح موضوعى | |
| مصطلح موضوعي أو اسم جغرافي كعنصر مدخل | الهندسة الوراثية. |
| مصدر الرأس أو المصطلح | BUEsh |
| 9 (RLIN) | 16950 |
| 651 ## - المدخل الاضافى بالموضوع - اسم جغرافى | |
| مصدر الرأس أو المصطلح | BUEsh |
| 653 ## - مصطلح تكشيفى غير مقيد | |
| Resource For college | Law |
| Arrived date list | November2016 |
| 942 ## - عناصر المدخل الإضافي( كوها) | |
| مصدر التصنيف او مخطط الترفيف | Dewey Decimal Classification |
| حالة التراجع | حالة الفقد | مصدر التصنيف او خطة الترفيف | حالة تلف | ليس للاعارة | مجموعات كوها | المكان الدائم | المكان الحالي | موقع الترفيف | تاريخ الاكتساب | Source of acquisition | سعر الشراء الطبيعي | تعداد مسلسل / التسلسل الزمني | رقم الاستدعاء | الباركود | Date last seen | التكلفة | نوع الوعاء | Date last checked out | مُعار |
|---|---|---|---|---|---|---|---|---|---|---|---|---|---|---|---|---|---|---|---|
| Dewey Decimal Classification | دار النهضة العربية | Central Library | Central Library | First floor | 21/11/2016 | Purchase | 100.00 | 2815 | 344.04196 ط ا ي | 000034921 | 15/07/2025 | 125.00 | Book - Borrowing | ||||||
| Dewey Decimal Classification | دار النهضة العربية | Central Library | Central Library | First floor | 21/11/2016 | Purchase | 100.00 | 2815 | 344.04196 ط ا ي | 000034922 | 19/08/2025 | 125.00 | Book - Borrowing | 27/09/2025 | 19/08/2025 |